A history of the Caliphate in the Ḥayat al-ḥayawān of ad-Damīrī

Elmentve itt :
Bibliográfiai részletek
Szerző: Somogyi József
További közreműködők: Damīrī Muḥammad ibn Mūsā, al-
Dokumentumtípus: Cikk
Megjelent: 1936
Sorozat:Bulletin of the School of Oriental Studies
Kulcsszavak:Kalifátus története - könyvismertetés
Tárgyszavak:
Online Access:http://misc.bibl.u-szeged.hu/66309
LEADER 00874nab a2200241 i 4500
001 misc66309
005 20230505133645.0
008 230222s1936 hu o 0|| eng d
040 |a SZTE Miscellanea Repozitórium  |b hun 
041 |a eng 
100 1 |a Somogyi József 
245 1 2 |a A history of the Caliphate in the Ḥayat al-ḥayawān of ad-Damīrī  |h [elektronikus dokumentum] /  |c  Somogyi József 
260 |c 1936 
300 |a 143-155  |c 25 cm 
300 |a [13] p.  |c 25 cm 
490 0 |a Bulletin of the School of Oriental Studies 
561 |a Németh Gyula hagyaték 
591 |a NOZ 5690 
650 4 |a Bölcsészettudományok 
650 4 |a Történettudomány és régészet 
695 |a Kalifátus története - könyvismertetés 
700 0 1 |a Damīrī Muḥammad ibn Mūsā, al- 
856 4 0 |u http://misc.bibl.u-szeged.hu/66309/1/5690_noz.pdf  |z Dokumentum-elérés